000 00228nam a22000857a 4500
008 160912b xxu||||| |||| 00| 0 eng d
100 _9404
_aSharma R.D
245 _aMathematics-VIII
260 _aNew Delhi
_bDhanpat Rai publication
_c2009
999 _c3062
_d3062